|
|
|
|
| LEADER |
00000cam a2200000 i 4500 |
| 001 |
1/88976 |
| 008 |
080617s2007 gr | ||| |||| ||gre|| |
| 020 |
|
|
|a 9789605182847
|
| 035 |
|
|
|l 10098244
|
| 040 |
|
|
|a GR-MyUa
|b gre
|e AACR2
|
| 041 |
1 |
|
|a gre
|h eng
|
| 082 |
7 |
|
|a 126
|2 (22)
|
| 100 |
1 |
|
|a Taylor, Charles,
|d 1931-
|
| 245 |
1 |
0 |
|a Πηγές του εαυτού :
|b η γένεση της νεωτερικής ταυτότητας /
|c Charles Taylor ; μετάφραση: Ξενοφών Κομνηνός.
|
| 260 |
|
|
|a Αθήναι :
|b Ίνδικτος,
|c 2007.
|
| 300 |
|
|
|a 852 σ. ;
|c 24 εκ.
|
| 504 |
|
|
|a Περιλαμβάνει βιβλιογραφίες και ευρετήριο.
|
| 650 |
|
0 |
|a Self (Philosophy)
|
| 650 |
|
0 |
|a Civilization, Modern.
|
| 650 |
|
0 |
|a Philosophical anthropology.
|
| 650 |
|
0 |
|a Ethics.
|
| 765 |
0 |
8 |
|i Μετάφραση του:
|t Sources of the self :
|
| 852 |
|
|
|a INST
|b RHODES
|c EUDOXUS
|e 20150521
|h 126 TAY
|p 005400037738
|q 005400037738
|t EDX
|y 0
|
| 852 |
|
|
|a INST
|b RHODES
|c EUDOXUS
|e 20170201
|h 126 TAY
|p 005400039100
|q 005400039100
|t EDX
|y 0
|
| 852 |
|
|
|a INST
|b RHODES
|c EUDOXUS
|e 20170201
|h 126 TAY
|p 005400039101
|q 005400039101
|t EDX
|y 0
|
| 852 |
|
|
|a INST
|b RHODES
|c EUDOXUS
|e 20170201
|h 126 TAY
|p 005400039102
|q 005400039102
|t EDX
|y 0
|
| 852 |
|
|
|a INST
|b SYROS
|e 20080617
|h 126 TAY
|p 005500005812
|q 005500005812
|t BK
|y 0
|
| 901 |
|
|
|a BIBL5-2008-2
|
| 920 |
|
|
|a Εύδοξος
|b Παραγγελία
|y Ρόδος-ΠΤΔΕ
|z 2017-01
|
| 920 |
|
|
|a Εύδοξος
|b Παραγγελία
|y Ρόδος-ΠΤΔΕ
|z 2015-05
|
| 922 |
|
|
|a 5ΕΛΗ
|b 200802
|c ΕΠΕΑΕΚ2/ΤΜΣΠΣ
|d Σ. Πατάκης
|
| 970 |
|
|
|a Κοντού
|b Παρασκευή
|z 17/06/2008
|